00437nam a2200133Ia 4500003000400000008004100004040001600045082001800061100003900079245008000118260008900198300001100287490000500298GCL140319s9999 xx 000 0 ara d aGCL / cGCL04a251.12bس س1 aسالم على البهنساوى10aالسنة المفترى عليها / cسالم على البهنساوى a[S.N] : bدار الوفاء للطباعة والنشر والتوزيع ، c1992 a371 ص a